Acció de govern de la Generalitat de Catalunya : juliol-desembre 1982 juliol-desembre 1982
Descripción Física:
403 p. ; 21 cm
Materias:
Catalunya -- Política i govern
MARC
| LEADER | 00000nam a2200000Ia 4500 | ||
|---|---|---|---|
| 001 | 1562 | ||
| 008 | 160829s1983 xx 000 0 cat d | ||
| 080 | |a M-2-170 | ||
| 110 | 1 | |a Catalunya. |b Generalitat |9 12125 | |
| 245 | |a Acció de govern de la Generalitat de Catalunya : |b juliol-desembre 1982 | ||
| 260 | |a Barcelona : |b Servei Central de Publicacions. Departament de la Presidència, |c 1983 | ||
| 300 | |a 403 p. ; |c 21 cm | ||
| 490 | |a Col·lecció Departament de la Presidència ; 13 | ||
| 651 | 0 | |a Catalunya |x Política i govern |9 53682 | |
| 901 | |a Arxiu | ||
| 942 | |n 1 | ||
| 952 | |0 0 |1 0 |4 0 |6 M2170 |7 1 |9 42596 |a Arxiu |b Arxiu |d 2016-12-01 |l 0 |o M-2-170 |p 1562 |r 2016-12-01 00:00:00 |w 2016-12-01 |y ARXIU | ||
| 999 | |c 45101 |d 45101 | ||